000 01193cam a2200313 i 4500
001 zz2005972044
003 NUKAT
005 20260422184827.0
008 050715s1924 pl |000 0 pol c
035 _a(OCoLC)749992767
035 _a(NUKAT)zz2005972044
040 _aLUBL M/mm
_cLUBL M/mm
_dLUBL M/JD
_dŁ U/ogs
100 1 _aFrejlich, Józef
_d(1884-1976).
_940406
245 1 0 _aGospodarstwo samorządowe w byłej dzielnicy pruskiej /
_cJózef Frejlich.
260 _aKraków :
_bnakł. Krakowskiej Spółki Wydawniczej,
_c1924
_e(Kraków :
_fDrukarnia Uniwersytetu Jagiellońskiego).
300 _a109 s. ;
_c23 cm.
336 _aTekst
_btxt
_2rdacontent
337 _aBez urządzenia pośredniczącego
_bn
_2rdamedia
338 _aWolumin
_bnc
_2rdacarrier
380 _aKsiążki
504 _aBibliogr. s. 9-10.
650 7 _aSamorząd terytorialny
_2DBN
_936335
650 7 _aSamorząd lokalny
_zPolska
_zZabór pruski
_y1870-1914.
_2kaba
_940407
651 7 _aNiemcy
_2DBN
_935243
651 7 _aZabór pruski
_2DBN
_935237
651 7 _aZabór pruski
_xsytuacja gospodarcza
_y1870-1914.
_2kaba
_940408
658 _aPolityka, politologia, administracja publiczna
942 _2ddc
_cBK_NM
999 _c27726
_d27726